000 00797nam0a22002531 4500
001 rc\2570283
005 20250623112116.0
035 _a(NLR Aleph) 006735034
090 _a5584493
_c5584493
100 _a20110914d1928 |||y0rusy50 ca
101 1 _arus
_cfre
102 _aRU
105 _ay z |||||
200 1 _aГотовится новая война
_fАнри Барбюсс
_gПер. с фр. Л. Волынского
210 _aМосква
_cизд-во ЦК МОПР СССР
_d1928
_gЦентр. тип. НКВМ
215 _a16 с.
_d17x13 см.
700 1 _aБарбюс
_bА.
_f1873-1935
_gАнри
702 1 _aВолынский
_bЛ.
_4730
801 0 _aRU
_bNLR
_gpsbo
801 1 _aRU
_bELAR
_2rusmarc
852 _aNLR
_j62/2748
942 _cBOOK
980 _aNB